000
00286nam a22001337a 4500
003
SGT
082
_a
370
_b
T16K
100
_a
KUMAR, T. PRADEEP
245
_a
TEACHER LEADERSHIP BEHAVIOUR
260
_a
NEW DELHI
_b
APH PUB
_c
2016
300
_a
76
650
_a
EDUCATION
942
_2
ddc
_c
BK
999
_c
12331
_d
12331